000 00252 a2200097 4500
001 51923
100 _aPolmar N
245 _aStrategic Weapons Introduction
260 _aNew York
_bNational Strategy Information Centre Inc
_c
090 _c32773
_d32773
942 _aNUST-CAE
_cM
_c25306
999 _c286996
_d286996